| 000 | 00374nam a22001577a 4500 | ||
|---|---|---|---|
| 003 | CEME | ||
| 005 | 20210628202823.0 | ||
| 008 | 210204b xxu||||| |||| 00| 0 eng d | ||
| 040 | _c. | ||
| 082 | _a297 SEY | ||
| 100 |
_aFaiez H.Seyal Seyal, Faiez.H _961795 |
||
| 245 | _aHam kon hay | ||
| 260 | _bISLAMIC PUBLICATIONS | ||
| 650 |
_aHAM KON HAY _961796 |
||
| 942 |
_cBK _2ddc |
||
| 999 |
_c571124 _d571124 |
||